| 000 | 00605nam a22001817a 4500 | ||
|---|---|---|---|
| 003 | CEME | ||
| 005 | 20210628202741.0 | ||
| 008 | 210122b xxu||||| |||| 00| 0 eng d | ||
| 020 | _a0-12-088516-6 | ||
| 040 | _cceme | ||
| 082 | _a621.3822 WOO | ||
| 100 |
_aWoods, John W _961417 |
||
| 245 | _aMultidimensional signal, image, and video processing and coding | ||
| 260 |
_aNEW YORK _bELSEVIER _c2006 |
||
| 300 | _aXV,493 P | ||
| 650 |
_aSIGNAL PROCSSING - CONGRESS, ELECTRONIC CIRCUITS- CONGRESS, SYSTEM ANALYSIS -CONGRESS, IMAGE PROCESSING- CONGRESS, CONTROL THEORY-CONGRESS _961418 |
||
| 942 |
_cBK _2ddc |
||
| 999 |
_c570877 _d570877 |
||